La dama dells ulls de mar (Record no. 84840)

MARC details
000 -LEADER
campo de control de longitud fija 00808nam a2200193 i 4500
001 - NÚMERO DE CONTROL
campo de control 84840
003 - IDENTIFICADOR DE NÚMERO DE CONTROL
campo de control ES-MaACL
007 - CAMPO FIJO DE DESCRIPCIÓN FÍSICA--INFORMACIÓN GENERAL
campo de control de longitud fija t|
008 - DATOS DE LONGITUD FIJA--INFORMACIÓN GENERAL
campo de control de longitud fija 041124s1904 sp ||||1| cat d
100 1# - ENTRADA PRINCIPAL--NOMBRE DE PERSONA
Nombre de persona Jokai, Maurici.
9 (RLIN) 66789
245 13 - MENCIÓN DEL TÍTULO
Título La dama dells ulls de mar
Resto del título : novela hungara /
Mención de responsabilidad, etc. per Maurici Jokai . Onze mentidas : descripcions humoristicas escritas en alemán / per Ferdinand Gross . La llegenda de la casa numero 15 : historieta de Nadal / escrita en idioma croata per Ida Furst ; traducció catalana de C.B [para las tres obras].
260 ## - PUBLICACIÓN, DISTRIBUCIÓN, ETC.
Lugar de publicación, distribución, etc. Barcelona :
Nombre del editor, distribuidor, etc. [s.n.,
Fecha de publicación, distribución, etc. 1904] (
Fabricante La Renaixensa)
300 ## - DESCRIPCIÓN FÍSICA
Extensión 206 p. ;
Dimensiones 22 cm.
700 1# - ENTRADA AGREGADA--NOMBRE PERSONAL
Nombre de persona Gross, Ferdinand.
9 (RLIN) 60162
700 1# - ENTRADA AGREGADA--NOMBRE PERSONAL
Nombre de persona Furst, Ida.
9 (RLIN) 53054
740 2# - ENTRADA AGREGADA--TÍTULO RELACIONADO/ANALÍTICO NO CONTROLADO
Título relacionado o analítico no controlado Onze mentidas.
740 3# - ENTRADA AGREGADA--TÍTULO RELACIONADO/ANALÍTICO NO CONTROLADO
Título relacionado o analítico no controlado La llegenda de la casa numero 15.
852 ## - LOCALIZACIÓN
Ubicación ES-MaACL
Número de control de estantería G-12730
Holdings
Estatus retirado Estado de pérdida Estado de daño No para préstamo Biblioteca de origen Biblioteca actual Ubicación en estantería Fecha de adquisición Fuente de adquisición Total de préstamos Signatura topográfica completa Código de barras Visto por última vez Precio de reemplazo Tipo de ítem Koha
        Biblioteca del Ateneo de Madrid Biblioteca del Ateneo de Madrid Sala Pecera Planta 3 17/01/2008     G-12730 1088663 23/02/2023 23/02/2023 Libro impreso